| 000 | 01215nam a22003134a 4500 | ||
|---|---|---|---|
| 001 | ebr10066546 | ||
| 003 | CaPaEBR | ||
| 006 | m u | ||
| 007 | cr cn||||||||| | ||
| 008 | 010521s2001 caua s 001 0 eng | ||
| 010 | _z 2001091380 | ||
| 020 | _z0761535225 | ||
| 040 |
_aCaPaEBR _cCaPaEBR |
||
| 035 | _a(OCoLC)559468935 | ||
| 050 | 1 | 4 |
_aQA76.73.J38 _bR88 2001eb |
| 082 | 0 | 4 |
_a005.13/3 _221 |
| 100 | 1 |
_aRussell, Joseph P. _q(Joseph Patrick), _d1975- |
|
| 245 | 1 | 0 |
_aJava programming for the absolute beginner _h[electronic resource] / _cJoseph P. Russell. |
| 260 |
_aRoseville, Calif. : _bPrima Tech, _cc2001. |
||
| 300 |
_axxii, 503 p. : _bill. |
||
| 490 | 1 | _aFor the absolute beginner (Series) | |
| 500 | _aIncludes index. | ||
| 533 |
_aElectronic reproduction. _bPalo Alto, Calif. : _cebrary, _d2013. _nAvailable via World Wide Web. _nAccess may be limited to ebrary affiliated libraries. |
||
| 650 | 0 | _aJava (Computer program language) | |
| 655 | 7 |
_aElectronic books. _2local |
|
| 710 | 2 | _aebrary, Inc. | |
| 830 | 0 | _aFor the absolute beginner (Series) | |
| 856 | 4 | 0 |
_uhttp://site.ebrary.com/lib/rucke/Doc?id=10066546 _zAn electronic book accessible through the World Wide Web; click to view |
| 999 |
_c48639 _d48639 |
||